|
|
|
|
| LEADER |
00558nam a22001577a 4500 |
| 020 |
|
|
|a 8178241390
|
| 082 |
|
|
|a 320.54954
|b AUR.N
|
| 100 |
|
|
|a Aurobindo.
|
| 245 |
|
|
|a Nationalism, religion and beyond :
|b writings on politics, society, and culture /
|c by Aurobindo.
|
| 260 |
|
|
|a Delhi :
|b Permanent black,
|c 2005.
|
| 300 |
|
|
|a 364 p.
|
| 650 |
|
|
|a nationalism
|
| 700 |
|
|
|a Heehs, peter.
|
| 942 |
|
|
|c BK
|
| 999 |
|
|
|c 301761
|d 301761
|
| 952 |
|
|
|0 0
|1 0
|4 0
|6 320_549540000000000_AUR_N
|7 0
|8 NFIC
|9 322293
|a POL
|b POL
|c GEN
|d 2020-10-06
|l 0
|o 320.54954 AUR.N
|p POL17345
|r 2020-10-06
|w 2020-10-06
|y BK
|